000 00378nam a22001337a 4500
005 20131219122700.0
008 131219b xxu||||| |||| 00| 0 eng d
050 _aBV210.2
_bB763 1979
100 _aBoulding, Maria
_95958
245 _aPrayer
_bour journey home
_cBoulding, Maria
260 _aMichigan
_bServant Books
_c1979
300 _a116p. ;
_c21cm.
942 _2lcc
_cMONOGRAPH
999 _c119353
_d119353